Prehľad udalostí v roku 1999

Prehľad udalostí na Slovensku a v zahraničí za január-december roku 1999. Vnútorná a zahraničná politika Slovenska. Hospodárska situácia, vývoj hospodársky, vývoj politický.

Saved in:
Bibliographic Details
Format: Book Chapter
Language:Slovak
Subjects:
Tags: Add Tag
No Tags, Be the first to tag this record!

MARC

LEADER 00000naa a2200000 4500
001 r036846
005 20230921105523.2
041 0 |a slo 
044 |a SK 
245 1 0 |a Prehľad udalostí v roku 1999 
520 |a Prehľad udalostí na Slovensku a v zahraničí za január-december roku 1999. Vnútorná a zahraničná politika Slovenska. Hospodárska situácia, vývoj hospodársky, vývoj politický. 
610 2 0 |a politika vnútorná 
610 2 0 |a politika zahraničná 
610 2 0 |a situácia hospodárska 
610 2 0 |a vývoj hospodársky 
610 2 0 |a Slovensko 
610 2 0 |a 1999 
610 2 0 |a január-december